[Event "Tres Cantos op 5th"]
[Site "Tres Cantos"]
[Date "2013.06.21"]
[Round "1"]
[White "Ledo Galano, Anton"]
[Black "Moreno Ibanez, Miguel"]
[Result "0-1"]
[WhiteElo "1609"]
[BlackElo "2117"]
[PlyCount "44"]
[EventDate "2013.06.21"]
[EventType "swiss"]
[EventRounds "9"]
[EventCountry "ESP"]
[SourceTitle "EXT 2014"]
[Source "ChessBase"]
[SourceDate "2013.11.20"]
[SourceVersion "1"]
[SourceVersionDate "2013.11.20"]
[SourceQuality "1"]

1. e4 c5 2. Nf3 d6 3. d4 cxd4 4. Nxd4 Nf6 5. Nc3 a6 6. a4 Nc6 7. Nf3 g6 8. Bd3 Bg7 9. Be3 Ng4 10. Qd2 Nxe3 11. Qxe3 0-0 12. 0-0 Qa5 13. Bc4 Bg4 14. Nd2 Rac8 15. Nb3 Qd8 16. Rab1 Nb4 17. Qd2 Rxc4 18. f3 Be6 19. Kh1 Qc7 20. Rfc1 f5 21. Qe2 Bxc3 22. bxc3 Na2 0-1